| 000 | 00818nam a2200265Ia 4500 | ||
|---|---|---|---|
| 001 | 21467 | ||
| 003 | GE_BSU | ||
| 008 | 181216s||||||||xx |||||||||||||| ||und|| | ||
| 020 | _a9781292039503 | ||
| 040 | _cGE_BSU | ||
| 080 | _a338.48 | ||
| 100 | _aCook, Roy A. Hsu, Cathy J. Marqua, Joseph J. | ||
| 245 | _aTourism: Pearson New International Edition: The Business of Hospitality and Travel | ||
| 250 | _aFifth edition | ||
| 260 | _aHarlow | ||
| 260 | _bPearson | ||
| 260 | _c2014 | ||
| 300 | _a374p. 28cm. | ||
| 300 | _eBibl.:p. 363., Index.: p. 365-374 | ||
| 541 | _h231 Gel. | ||
| 653 | _aTourism: Pearson New International Edition: The Business of Hospitality and Travel | ||
| 653 | _aЭкономика, Туризм | ||
| 653 | _aეკონომიკა, ტურიზმი | ||
| 942 | _cBK | ||
| 999 |
_c54411 _d54411 |
||